Cd̤igo de Trńsito Brasileiro Comentr̀ios aos Crimes

Detalles Bibliográficos
Autor principal: de Araujo Lima Filho, Altamiro
Formato: eBook
Lenguaje:portugués
Publicado: San Pablo: Editora Mundo Jurd̕ico, 2017
Materias:
Acceso en línea:Acceso restringido

MARC

LEADER 00000nam a22000007a 4500
005 20190909222936.0
007 cr|||| ||||
008 190909s2017 br |||||s|||| 00||0 por d
020 |a 978-85-88576-089-5 
035 |a 30212 
040 |a vLex 
090 |c 9435  |d 9435 
100 1 |a de Araujo Lima Filho, Altamiro 
245 1 0 |a Cd̤igo de Trńsito Brasileiro Comentr̀ios aos Crimes  |h [Recurso electrn̤ico] /  |c Altamiro de Araujo Lima Filho 
256 |a Servicio en ln̕ea 
260 |a San Pablo:  |b Editora Mundo Jurd̕ico,  |c 2017 
300 |a 1 recurso electrn̤ico 
500 |a Somente aquele que j ̀se empenhou verdadeiramente ̉pesquisa e ̉complexa tarefa de escrever conhece o esforȯ e a dedicaȯ̂ que a criaȯ̂ de um livro exige. 
506 1 |a Disponible solo en los productos indicados  |d vLex Global  |d vLex Global (Academic Edition, excluding Law Schools)  |d vLex Global (U.S. Academic Edition, Law Schools)  |d vLex Global (U.S. Academic Edition, excluding Law Schools)  |d vLex Global (Academic Edition, Law Schools) 
650 0 4 |a Derecho Penal  |z Brasil 
740 0 |a vLex Libros (Servicio en ln̕ea) 
856 4 0 |u http://vlex.com/source/codigo-de-tr-nsito-brasileiro-comentarios-aos-crimes-30212  |z Acceso restringido 
942 |c BOOK 
999 0 |a Criminal law